Evaluation of physical activity profile among health students of Qassim region : (رقم التسجيلة. 86224)

تفاصيل مارك
000 -الفاتح
حقل البيانات ثابتة الطول 01221cam a22002412a 4500
003 - محدد رقم الضبط
رقم الضبط OSt
005 - وقت وتاريخ اخر تعامل مع التسجيلة
رقم الضبط 20241020153852.0
008 - عناصر البيانات ثابتة الطول - معلومات عامة
حقل البيانات ثابتة الطول 090131s2024 su a f m 000 0 eng c
040 ## - مصدر الفهرسة
وكالة الفهرسة الأصلية Ma-Un
لغة الفهرسة ara
وكالة النسخ Ma-Un
043 ## - رمز المنطقة الجغرافية
رمز المنطقة الجغرافية a-su---
082 04 - رقم تصنيف ديوى العشرى
رقم التصنيف 613.71
رقم المادة A W E
رقم الطبعة 21
100 1# - المدخل الرئيسى - إسم شخصى
الإسم الشخصى Al Anazi, Wael Marzouq
9 (RLIN) 118401
245 10 - بيان العنوان
العنوان Evaluation of physical activity profile among health students of Qassim region :
بقية العنوان A cross sectional study = تقييم نمط النشاط البدني بين طلاب التخصصات الصحية في منطقة القصيم : دراسة مقطعية /
بيان المسئوليه,etc Prepared by Wael Marzouq Al Anazi ؛ Mohammad Miraj.
246 31 - العنوان الموازى
عنوان صحيح/عنوان مختصر تقييم نمط النشاط البدني بين طلاب التخصصات الصحية في منطقة القصيم :
بقية العنوان دراسة مقطعية
264 ## - النشر, التوزيع, ETC. (IMPRINT)
مكان الناشر او الموزع 2024
تاريخ النشر أو التوزيع 1445
300 ## - الوصف المادى
التعداد 87 sheets :
تفاصيل ماديه اخرى للوعاء illustrations ؛
أبعاد الوعاء 30 cm.
500 ## - تبصرة عامة
تبصرة عامة Mohammad Miraj.
502 ## - تبصرة أطروحة
تبصرة أطروحة Thesis (Master) - Al-Majmaah University, College of Applied Medical Sciences, Department of Physical Therapy and Health Rehabilitation, 1445.
504 ## - تبصرة ببليوجرافية
تبصرة ببليوجرافية,الخ Includes bibliographical references.
650 #7 - المدخل الاضافى بالموضوع-مصطلح موضوعى
مصطلح موضوعي أو اسم جغرافي كعنصر مدخل Exercise
التقسيم الفرعي العام Health aspects
9 (RLIN) 11222
650 #7 - المدخل الاضافى بالموضوع-مصطلح موضوعى
مصطلح موضوعي أو اسم جغرافي كعنصر مدخل Physical Therapy
9 (RLIN) 118402
942 ## - عناصر المدخل الإضافي( كوها)
مصدر التصنيف او مخطط الترفيف Dewey Decimal Classification
Koha [default] item type أطروحة (رسائل جامعية)
المقتنيات
حالة الفقد نموذج السعر الفعال حالة تلف ليس للاعارة رقم الطلب تاريخ الاكتساب الموقع الحالي الباركود الفرع الرئيسي Date last seen نوع المادة فى نظام كوها مصدر التصنيف او خطة الترفيف Total Checkouts
  2024-10-16   Not For Loan 613.71 A W E 2024-10-16 المكتبة المركزية بالمجمعة (CL) 00505028 المكتبة المركزية بالمجمعة (CL) 2024-10-16 أطروحة (رسائل جامعية) Dewey Decimal Classification